000 00644nam a2200229Ia 4500
003 OSt
005 20220926012053.0
006 a|||||r|||| 00| 0
007 ta
008 220923b |||||||| |||| 00| 0 eng d
037 _cGeneral Book
040 _aRTL
_cRTL
_beng
041 _2eng
_aeng
082 _aX:74v595.N3, K6
100 _aKalecki Michal
245 0 _aStudies in the history of business cycles, 1933-19
260 _aNew York
_bAugustus M Kelly USA
_c1966
300 _axii,71p.
_ccm.
650 _aBusiness Cycle
942 _hX:74v595.N3, K6
_cGB
_2CC
999 _c621636
_d621636